| 000 | 00000nam 2200000za 4500 |
| 001 | 9.850823 |
| 003 | CaOODSP |
| 005 | 20221107154239 |
| 007 | cr ||||||||||| |
| 008 | 180126s2018 onc ob f000 0 fre d |
| 020 | |a9780660247083 |
| 040 | |aCaOODSP|bfre |
| 043 | |an-cn--- |
| 086 | 1 |aCi4-175/2018F-PDF |
| 245 | 00|aÉvaluation du Programme d’établissement |h[ressource électronique] / |cDivision d’évaluation, Recherche et Évaluation. |
| 260 | |a[Ottawa] : |bImmigration, réfugiés et citoyenneté Canada, |c[2018] |
| 300 | |axv, 67 p. + |e1 v. |
| 500 | |aPubl. aussi en anglais : Evaluation of the Settlement Program. |
| 500 | |aTitre de la couv. |
| 500 | |a« Novembre 2017. » |
| 500 | |aComprend un sommaire du rapport. |
| 500 | |aPubl. aussi en format HTML. |
| 504 | |aComprend des références bibliographiques. |
| 520 | |a« Ce rapport expose les résultats de l’évaluation du Programme d’établissement d’Immigration, Réfugiés et Citoyenneté Canada (IRCC). L’évaluation a été réalisée conformément aux exigences de la Politique sur les résultats du Conseil du Trésor et à l’article 42.1 de la Loi sur la gestion des finances publiques, et vise les exercices financiers (EF) 2011-2012 à 2016-2017. Le Programme d’établissement d’IRCC vise à faciliter l’établissement et l’intégration des nouveaux arrivants afin de leur permettre de participer et de contribuer aux divers aspects de la vie au Canada » -- Sommaire, p. vi. |
| 692 | 07|2gccst|aImmigration |
| 692 | 07|2gccst|aÉvaluation de programme |
| 693 | 4|aProgramme d’établissement (Canada) |
| 710 | 1 |aCanada. |bImmigration, réfugiés et citoyenneté Canada. |bDivision d'évaluation. |
| 775 | 08|tEvaluation of the Settlement Program |w(CaOODSP)9.850822 |
| 856 | 40|qPDF|s1.29 Mo|uhttps://publications.gc.ca/collections/collection_2018/ircc/Ci4-175-2018-fra.pdf |
| 856 | 40|qPDF|s549 Ko|uhttps://publications.gc.ca/collections/collection_2018/ircc/Ci4-175-2018-1-fra.pdf |
| 856 | 4 |qHTML|sS.O.|uhttps://www.canada.ca/fr/immigration-refugies-citoyennete/organisation/rapports-statistiques/evaluations/programme-etablissement.html |
| 986 | |aE2-2016 |